[Event "A-Klasse 2011 (A68)"]
[Site "Berlin-Weißensee"]
[Date "2011.06.05"]
[Round "7.2"]
[White "Batzaya, Ayush"]
[Black "Baranowsky, Peter"]
[Result "0-1"]
[WhiteElo "1964"]
[BlackElo "1954"]
[PlyCount "88"]
[EventDate "2011.??.??"]

1. e4 c5 2. c3 d5 3. exd5 Qxd5 4. Nf3 Nc6 5. Na3 Bg4 6. Be2 e6 7. d4 cxd4 8.
Nb5 Rc8 9. Nbxd4 Be7 10. Nxc6 Qxd1+ 11. Bxd1 bxc6 12. Be3 Bxf3 13. Bxf3 c5 14.
Bf4 Kf8 {(=)} 15. Bb7 Rd8 16. Bc7 Rd7 17. Bf3 Rxc7 18. O-O-O f5 19. Rd3 Nf6 20.
Rhd1 Kf7 21. Be2 Rhc8 22. f3 Nd5 23. g3 c4 24. R3d2 g5 25. h4 gxh4 26. Rh1 f4
27. gxf4 Nxf4 28. Bd1 Rd8 29. Rxd8 Bxd8 30. Bc2 h6 31. Kd2 e5 32. Ke3 Rb7 33.
b3 Bg5 34. Ke4 Kf6 35. Rd1 Ke6 36. bxc4 Rb2 37. Rd2 h3 38. c5 Nd5 39. Rxd5 Rxc2
40. Rxe5+ Kf6 41. Rf5+ Kg6 42. c6 Re2+ 43. Kd3 Re3+ 44. Kd4 Kxf5 0-1

[Event "A-Klasse 2011 (A68)"]
[Site "Berlin-Weißensee"]
[Date "2011.06.05"]
[Round "7.4"]
[White "Hiller, Bernd"]
[Black "Muskewitz, Bernd"]
[Result "0-1"]
[WhiteElo "1887"]
[BlackElo "2034"]
[PlyCount "98"]
[EventDate "2011.??.??"]

1. e4 c5 2. Nf3 e6 3. c4 Nc6 4. Nc3 a6 5. d4 cxd4 6. Nxd4 Qc7 7. Be3 Nf6 8. Be2
Bb4 9. Qc2 O-O 10. O-O Bxc3 11. bxc3 d5 12. exd5 exd5 13. Bg5 Ng4 14. g3 dxc4
15. Nf5 Nge5 16. Bf4 Qa5 17. Ne3 Qc5 18. Rfd1 Be6 19. Rab1 b5 20. Rd2 Rfd8 21.
Rbd1 f6 22. Qe4 Rxd2 23. Rxd2 Rd8 24. Rxd8+ Nxd8 25. Bxe5 Qxe5 26. Qa8 Qd6 27.
Kg2 Qc6+ 28. Bf3 Qxa8 29. Bxa8 Bc8 30. Kf3 Bb7+ 31. Bxb7 Nxb7 32. Ke4 Nc5+ 33.
Kd5 Na4 34. Kd4 Nb6 35. Kc5 Na4+ 36. Kd4 Nb6 37. a3 Kf7 38. Kc5 Nd7+ 39. Kc6
Ke6 40. Kb7 Nc5+ 41. Kb6 Na4+ 42. Kxa6 Nxc3 43. a4 bxa4 44. Nxc4 Kd5 45. Na3
Ke4 46. Ka5 Kf3 47. Kb4 Ne4 48. Nc2 Kxf2 49. Nd4 Kg2 0-1